Niederlande-Quiz - Sudden Death - Statistiken

Allgemein
  • Dieses Quiz wurde 195 mal gespielt
  • Das Durchschnittsergebnis liegt bei 5 aus 10
Answers on the Grid
Answers color-coded by a green-red scale on the quiz's grid according to % correct below.
Dies ist die Flagge der Niederlande: 🇳🇱
Die Niederlande sind Teil der Europäischen Union
In den Niederlanden gibt es derzeit noch einen König
Die Hauptstadt der Niederlande ist Rotterdam
Die Niederlande werden von der Donau durchflossen
In den Niederlanden gibt es bisher kein Pfandsystem
Die Niederlande verfügen über Gebiete, die außerhalb Europas liegen
Die Niederlande haben Berührungspunkte mit der Nordsee
Die Niederlande grenzen an Belgien
Aus den Niederlanden kommen ursprünglich die uns bekannten Pommes
Die Niederlande grenzen an ein Land mit dieser Flagge: 🇫🇷
Die Fläche der Niederlande ist größer als die von Georgien
Die Telefonvorwahl der Niederlande lautet +31
Das KFZ-Kennzeichen der Niederlande wird mit "NL" abgekürzt
Das BIP pro Kopf von den Niederlanden ist höher als das der Schweiz
Die Niederlande haben mehr Einwohner als Österreich und die Schweiz zusammen
Die Währung der Niederlande ist der Euro
Die Niederlande sind in zwölf Bundesländer eingeteilt
Die Insel Curaçao gehört politisch zu den Niederlanden
Deutsch wird zu den Amtssprachen der Niederlande gezählt
 
Antwortstatistiken
Antwort % Korrekt
Die Niederlande grenzen an Belgien
66%
Die Niederlande sind Teil der Europäischen Union
64%
Die Währung der Niederlande ist der Euro
64%
Das KFZ-Kennzeichen der Niederlande wird mit "NL" abgekürzt
61%
Dies ist die Flagge der Niederlande: 🇳🇱
61%
Die Niederlande verfügen über Gebiete, die außerhalb Europas liegen
56%
In den Niederlanden gibt es derzeit noch einen König
51%
Die Insel Curaçao gehört politisch zu den Niederlanden
50%
Die Niederlande haben Berührungspunkte mit der Nordsee
50%
Die Telefonvorwahl der Niederlande lautet +31
22%
Keine übereinstimmenden Quizze gefunden
Verteilung der Resultate
Anzahl Personen mit jedem Resultat
Perzentil nach korrekt beantworteten Fragen
Ihre Resultats-Entwicklung
Sie haben dieses Quiz noch nicht gespielt